[Event "Mondiale Lampo FIDE 2019"]
[Site "Mosca"]
[Date "30.12.2019"]
[Round "18.38"]
[White "Tari, Aryan"]
[Black "Sanal, Vahap"]
[Result "1-0"]
[WhiteTitle "GM"]
[BlackTitle "GM"]
[WhiteElo "2634"]
[BlackElo "2549"]
[WhiteFideId "1510045"]
[BlackFideId "6300545"]
[EventDate "2019.12.29"]

1. e4 Nc6 2. Nf3 d6 3. d4 Nf6 4. Nc3 g6 5. d5 Nb8 6. Be2 Bg7 7. O-O O-O 8. Re1
Bg4 9. h3 Bxf3 10. Bxf3 c6 11. Bf4 Nfd7 12. Qd2 Ne5 13. Be2 Nbd7 14. Bh6 Bxh6
15. Qxh6 Qb6 16. Rab1 f5 17. exf5 Rxf5 18. Qe3 Qxe3 19. fxe3 Nb6 20. Rbd1 Raf8
21. b3 Rc8 22. e4 Rff8 23. Rd2 Kg7 24. a4 a5 25. dxc6 bxc6 26. Nd1 Nbd7 27. Nc3
Nc5 28. Bf1 h5 29. Rf2 h4 30. Rd1 g5 31. Be2 Rb8 32. Rdf1 Rxf2 33. Rxf2 Rb4 34.
Bf3 Rd4 35. Kf1 Ne6 36. Ke1 Nf4 37. Ne2 Nxe2 38. Rxe2 c5 39. Re3 Rb4 40. Be2 Kf6
41. Bb5 Ng6 42. Bc4 Nf4 43. Kf2 Ke5 44. g3 hxg3+ 45. Rxg3 Kf6 46. Rf3 Rb8 47. h4
Rf8 48. Ke3 Kg6 49. Rg3 Kh5 50. Rxg5+ Kxh4 51. Rg7 e6 52. Rd7 Ng2+ 53. Ke2 Kg3
54. Rg7+ Kh2 55. Rd7 Kg1 56. Rxd6 Rf2+ 57. Kd3 Ne1+ 58. Ke3 Nxc2+ 59. Kd3 e5 60.
Kc3 Nb4 61. Rd2 Na2+ 62. Kc2 Nb4+ 63. Kc3 Rxd2 64. Kxd2 Kf2 65. Be6 Kf3 66. Bf5
Nc6 67. Kc3 Nd4 68. Bh7 Ke3 69. Kc4 Kd2 70. Bg8 Ke3 71. Bd5 Kd2 72. Kxc5 Kc3 73.
Kd6 Nf3 74. Kc5 Nd4 75. Bc4 Nf3 76. Kb5 Nd2 77. Bd5 Kd4 78. Kxa5 Nxe4 79. Bxe4
Kxe4 80. Kb5 Kd4 81. a5 e4 82. a6 e3 83. a7 e2 84. a8=Q e1=Q 85. Qd8+ 1-0

[Event "Mondiale Lampo FIDE 2019"]
[Site "Mosca"]
[Date "30.12.2019"]
[Round "18.39"]
[White "Amin, Bassem"]
[Black "Vishnu Prasanna, V"]
[Result "1-0"]
[WhiteTitle "GM"]
[BlackTitle "GM"]
[WhiteElo "2683"]
[BlackElo "2493"]
[WhiteFideId "10601457"]
[BlackFideId "5030692"]
[EventDate "2019.12.29"]

1. e4 c5 2. Nf3 d6 3. g3 g6 4. Bg2 Bg7 5. O-O Nc6 6. c3 Nf6 7. Re1 O-O 8. h3 e5
9. d3 b6 10. a3 Re8 11. b4 a6 12. Nbd2 Bb7 13. Bb2 Rc8 14. Qb3 Rb8 15. Rad1 b5
16. d4 c4 17. Qc2 a5 18. a4 exd4 19. axb5 dxc3 20. bxc6 cxd2 21. Rxd2 Bxc6 22.
Qxc4 Rc8 23. Qd4 axb4 24. Nh2 Nh5 25. Qd3 Bxb2 26. Rxb2 Nf6 27. Rxb4 Re6 28. Rd4
Qe7 29. h4 Re8 30. f3 d5 31. Rf1 dxe4 32. fxe4 Nxe4 33. Ng4 f5 34. Nf2 Nc5 35.
Qc4 Bxg2 36. Kxg2 Kg7 37. Rfd1 Qc7 38. Rd5 Rc8 39. Rxc5 Qb7+ 40. Qd5 Qxd5+ 41.
Rcxd5 Rc3 42. R1d3 Rc2 43. Rd7+ Kh6 44. Rd2 Rc3 45. Nh3 Ree3 46. Ng5 Rxg3+ 47.
Kf2 Kh5 48. R2d4 h6 49. Ne6 Rg4 50. Nf4+ Kxh4 51. Nxg6+ Kg5 52. Ne5 Rc2+ 53. Ke3
Rc3+ 54. Kd2 Rxd4+ 55. Rxd4 Rg3 56. Ke2 h5 57. Nf3+ Kf6 58. Rd6+ Ke7 59. Rh6 Rg8
60. Ke3 Rg4 61. Nd4 Re4+ 62. Kd3 Rf4 63. Nc6+ Kf7 64. Rxh5 Kg6 65. Rh8 Re4 66.
Nd4 Re7 67. Rf8 Rf7 68. Ra8 Kg5 69. Ke3 Re7+ 70. Kf3 Rb7 71. Ra5 Rb4 72. Rxf5+
Kg6 73. Rd5 Rb1 74. Kf4 Rf1+ 75. Nf3 Rb1 76. Rd6+ Kg7 77. Ne5 Rf1+ 78. Kg5 Rf2
79. Rd7+ Kf8 80. Ng4 Rf1 81. Kg6 Rg1 82. Kf6 Rf1+ 83. Ke6 Re1+ 84. Ne5 Rf1 85.
Ra7 Rf2 86. Ra1 Kg8 87. Rg1+ Kh7 88. Nf7 Re2+ 89. Kf6 Rf2+ 90. Ke6 Re2+ 91. Ne5
Rf2 92. Ng4 Re2+ 93. Kf7 1-0

[Event "Mondiale Lampo FIDE 2019"]
[Site "Mosca"]
[Date "30.12.2019"]
[Round "18.40"]
[White "Iljiushenok, Ilia"]
[Black "Iturrizaga Bonelli, Eduardo"]
[Result "0-1"]
[WhiteTitle "GM"]
[BlackTitle "GM"]
[WhiteElo "2521"]
[BlackElo "2597"]
[WhiteFideId "24105074"]
[BlackFideId "3901211"]
[EventDate "2019.12.29"]

1. e4 c5 2. Nf3 Nc6 3. d4 cxd4 4. Nxd4 g6 5. Nc3 Bg7 6. Nxc6 bxc6 7. Bc4 d6 8.
O-O Nf6 9. Rb1 O-O 10. Re1 Nd7 11. Be3 a5 12. Qd2 Rb8 13. Bh6 Qb6 14. Bxg7 Kxg7
15. b3 Nc5 16. Rbd1 Be6 17. Bxe6 fxe6 18. Kh1 e5 19. f3 Qb4 20. Qe3 a4 21. a3
Qxa3 22. Ra1 Qb4 23. Nxa4 Ne6 24. Nb2 Qd4 25. Qc1 Ra8 26. c3 Rxa1 27. Qxa1 Qxc3
28. Rc1 Ra8 29. Qb1 Qxb3 30. Nc4 Qxb1 31. Rxb1 Ra2 32. h3 h5 33. h4 Nf4 34. Ne3
Ra3 35. Nc4 Rc3 36. Rb4 Kf6 37. Ra4 d5 38. exd5 cxd5 39. Ra6+ e6 40. Nb6 Rc1+
41. Kh2 Rc2 42. Nd7+ Ke7 43. Nxe5 Rxg2+ 44. Kh1 Re2 45. Ra7+ Kd6 46. Nf7+ Kc5
47. Ng5 d4 48. Rc7+ Kd6 49. Rc4 e5 50. Ne4+ Kd7 51. Rc5 d3 52. Nf6+ Kd6 53. Ne4+
Rxe4 0-1

[Event "Mondiale Lampo FIDE 2019"]
[Site "Mosca"]
[Date "30.12.2019"]
[Round "18.41"]
[White "Vallejo Pons, Francisco"]
[Black "Drygalov, Sergey"]
[Result "1/2-1/2"]
[WhiteTitle "GM"]
[BlackTitle "IM"]
[WhiteElo "2704"]
[BlackElo "2473"]
[WhiteFideId "2205530"]
[BlackFideId "24171743"]
[EventDate "2019.12.29"]

1. e4 c5 2. Ne2 d6 3. g3 Nf6 4. Bg2 g6 5. c3 Bg7 6. d4 O-O 7. O-O e5 8. Na3 exd4
9. cxd4 Nc6 10. d5 Nb4 11. Nc2 Nxc2 12. Qxc2 b5 13. h3 a5 14. g4 b4 15. Ng3 a4
16. Bd2 Nd7 17. f4 a3 18. b3 Bxa1 19. Rxa1 Ba6 20. Re1 c4 21. bxc4 Rc8 22. Qa4
Nc5 23. Qxb4 Nd3 24. Qxa3 Nxe1 25. Bxe1 Bxc4 26. Bb4 Qb6+ 27. Kh2 Ra8 28. Qc3
Rxa2 29. Qxc4 Qf2 30. Qf1 Qb6 31. Bc3 Rc8 32. Qe1 Qb3 33. Bd2 Rcc2 34. Nf1 Qd3
35. e5 Rxd2 36. Nxd2 Rxd2 37. exd6 Qxd5 38. Qe8+ Kg7 39. Qe5+ Qxe5 40. fxe5 f6
41. exf6+ Kxf6 42. Kg3 Rxd6 43. h4 Ke5 44. g5 Rd3+ 45. Kg4 Kd4 46. Kf4 Rd2 47.
Bc6 Rf2+ 48. Bf3 Rf1 49. Kg4 Ke3 50. Bd5 Rf8 51. Kg3 Rd8 52. Bc4 Ke4 53. Be6 Ke5
54. Bc4 Rc8 55. Bf7 Rc3+ 56. Kg4 Rc8 57. h5 gxh5+ 58. Kxh5 Rc1 59. Kh6 Kf5 60.
Kxh7 Kxg5 61. Kg7 Rc7 62. Kg8 Kf6 63. Bd5 Rg7+ 64. Kh8 Rg5 65. Bg8 Rh5+ 66. Bh7
Rh1 67. Kg8 Rd1 68. Kh8 Rd7 69. Bg8 Kg6 70. Ba2 Rc7 71. Bb1+ Kh6 72. Ba2 Rb7 73.
Kg8 Kg6 74. Kf8 Kf6 75. Ke8 Ke5 76. Kf8 Ra7 77. Bb3 Rb7 78. Ba2 Rb2 79. Bc4 Rc2
80. Bb3 Rc7 81. Ba2 Kf6 82. Ke8 Ke5 83. Kf8 Kd6 84. Bb3 Kd7 85. Kf7 Kd6+ 86. Kf6
Rc3 87. Be6 Rf3+ 88. Bf5 Rf1 89. Kg6 Ke5 90. Bd3 Rf3 91. Bc2 Rc3 92. Bb1 Rc1 93.
Ba2 Rc7 94. Bb3 Rb7 95. Ba2 Rb2 96. Bc4 Rg2+ 97. Kf7 Kd6 98. Bb3 Rf2+ 99. Kg6
Rf3 100. Ba2 Ke5 101. Bc4 Rf4 102. Bb3 Rg4+ 103. Kf7 Rg3 104. Ba2 Kf5 105. Be6+
Ke5 106. Ba2 Ra3 107. Bc4 Ra4 108. Bb3 Rb4 109. Ba2 1/2-1/2

[Event "Mondiale Lampo FIDE 2019"]
[Site "Mosca"]
[Date "30.12.2019"]
[Round "18.42"]
[White "Gajewski, Grzegorz"]
[Black "Chigaev, Maksim"]
[Result "0-1"]
[WhiteTitle "GM"]
[BlackTitle "GM"]
[WhiteElo "2626"]
[BlackElo "2631"]
[WhiteFideId "1116207"]
[BlackFideId "4108116"]
[EventDate "2019.12.29"]

1. d4 Nf6 2. Nf3 g6 3. Bg5 Bg7 4. Nbd2 O-O 5. c3 d6 6. e3 Nc6 7. Be2 Qe8 8. O-O
Nd7 9. b4 e5 10. b5 Nd8 11. a4 Ne6 12. Bh4 Kh8 13. Re1 f5 14. dxe5 dxe5 15. e4
f4 16. Nc4 h6 17. Qd5 g5 18. Ncxe5 Nxe5 19. Nxe5 gxh4 20. Nf3 c6 21. Qc4 h3 22.
e5 Ng5 23. Nh4 hxg2 24. Bd3 f3 25. Nxf3 Nxf3+ 26. Kxg2 Nxe1+ 27. Rxe1 Bf5 0-1

[Event "Mondiale Lampo FIDE 2019"]
[Site "Mosca"]
[Date "30.12.2019"]
[Round "18.43"]
[White "Kazhgaleyev, Murtas"]
[Black "Petrov, Nikita"]
[Result "0-1"]
[WhiteTitle "GM"]
[BlackTitle "GM"]
[WhiteElo "2569"]
[BlackElo "2585"]
[WhiteFideId "13700316"]
[BlackFideId "4101286"]
[EventDate "2019.12.29"]

1. d4 Nf6 2. c4 e6 3. Nc3 Bb4 4. Nf3 Bxc3+ 5. bxc3 b6 6. Bg5 Bb7 7. Nd2 d6 8. f3
Nbd7 9. e4 e5 10. Bd3 Nf8 11. O-O Ng6 12. Re1 h6 13. Be3 O-O 14. a4 a5 15. Bf1
Nh7 16. c5 bxc5 17. dxc5 d5 18. Rb1 Bc6 19. Bb5 Qd7 20. exd5 Qxd5 21. Nc4 Qe6
22. Qe2 Rfe8 23. Bxc6 Qxc6 24. Rb5 Nf4 25. Qc2 Ng5 26. Rxa5 Rad8 27. Rb5 Qd5 28.
Nd2 Re6 29. c4 Qc6 30. h4 Ngh3+ 31. gxh3 Rg6+ 32. Kf1 Qe6 33. Bxf4 Qxh3+ 34. Ke2
exf4 35. Kd1 Rg2 36. a5 Qxf3+ 37. Kc1 Rgxd2 38. Qxd2 Rxd2 39. Kxd2 Qf2+ 40. Kd1
Qd4+ 41. Kc2 Qxc4+ 42. Kd2 Qxb5 0-1

[Event "Mondiale Lampo FIDE 2019"]
[Site "Mosca"]
[Date "30.12.2019"]
[Round "18.44"]
[White "Sasikiran, Krishnan"]
[Black "Santos Ruiz, Miguel"]
[Result "1/2-1/2"]
[WhiteTitle "GM"]
[BlackTitle "GM"]
[WhiteElo "2656"]
[BlackElo "2585"]
[WhiteFideId "5004985"]
[BlackFideId "22291482"]
[EventDate "2019.12.29"]

1. e4 e5 2. Nf3 Nc6 3. Bb5 Nf6 4. O-O Nxe4 5. d4 Nd6 6. Bxc6 dxc6 7. dxe5 Nf5 8.
Qxd8+ Kxd8 9. Nc3 Be7 10. h3 Nh4 11. Rd1+ Ke8 12. Nxh4 Bxh4 13. Be3 a6 14. g4 h5
15. f3 hxg4 16. hxg4 f6 17. exf6 gxf6 18. Bf4 Kf7 19. Rd2 f5 20. g5 Rg8 21. Rg2
Be6 22. b3 Rg6 23. Kh1 Rh8 24. Rh2 Bxg5 25. Rxh8 Bxf4 26. Rg1 Rxg1+ 27. Kxg1 Be5
28. Rb8 Bxc3 29. Rxb7 Bd4+ 30. Kg2 Bb6 31. Rb8 Ke7 32. Kg3 Be3 33. Ra8 f4+ 34.
Kg2 Bf5 35. Rxa6 Kd6 36. c3 Kd7 37. Ra5 Bb1 38. Ra4 c5 39. Kh3 Bf5+ 40. Kh4 Kc6
41. Kg5 Bd3 42. c4 Kb7 43. Kg4 Bg6 44. b4 Be8 45. b5 Bc1 46. Ra6 c6 47. a4 Be3
48. Kf5 cxb5 49. axb5 Bf7 50. Ra4 Bh5 51. Ke4 Bg6+ 52. Kd5 Bf7+ 53. Ke5 Bh5 54.
Ke4 Bg6+ 55. Kd5 Bf7+ 56. Ke5 Bh5 1/2-1/2

[Event "Mondiale Lampo FIDE 2019"]
[Site "Mosca"]
[Date "30.12.2019"]
[Round "18.45"]
[White "Vavulin, Maxim"]
[Black "Perunovic, Milos"]
[Result "1/2-1/2"]
[WhiteTitle "GM"]
[BlackTitle "GM"]
[WhiteElo "2556"]
[BlackElo "2589"]
[WhiteFideId "4169530"]
[BlackFideId "921629"]
[EventDate "2019.12.29"]

1. e4 c5 2. Nf3 e6 3. d4 cxd4 4. Nxd4 Nf6 5. Nc3 Nc6 6. Nxc6 bxc6 7. e5 Nd5 8.
Ne4 Qc7 9. f4 Qb6 10. c4 Bb4+ 11. Ke2 f5 12. Nf2 Ba6 13. Kf3 Ne7 14. Be3 Bc5 15.
Bxc5 Qxc5 16. b3 g5 17. g3 gxf4 18. gxf4 Ng6 19. Qd2 Qe7 20. Qa5 Bb7 21. Qc7 Qb4
22. Nd3 c5+ 23. Ke3 Qb6 24. Qxb6 axb6 25. Rg1 Ke7 26. a4 Rhg8 27. Be2 d6 28.
exd6+ Kxd6 29. Rgd1 Kc7 30. a5 Nh4 31. axb6+ Kxb6 32. Rxa8 Bxa8 33. b4 cxb4 34.
Rb1 Ng2+ 35. Kf2 Be4 36. Rxb4+ Kc7 37. c5 Nh4 38. Ne1 Ra8 39. Bd3 Ra2+ 40. Kg3
Ra3 41. Kxh4 Bxd3 42. Nxd3 Rxd3 43. Kg5 Rh3 44. Rb6 Rxh2 45. Rxe6 Rc2 46. Re5
Kd7 47. Kxf5 Rc4 48. Kg5 h6+ 49. Kg4 Kd8 50. Kf5 h5 51. Kg5 h4 52. f5 h3 53. f6
h2 54. Re1 Rxc5+ 55. Kg6 Rc2 56. f7 Rg2+ 57. Kh7 Rf2 58. Kg7 Rg2+ 59. Kf8 Rg1
60. Rxg1 hxg1=Q 1/2-1/2

[Event "Mondiale Lampo FIDE 2019"]
[Site "Mosca"]
[Date "30.12.2019"]
[Round "18.46"]
[White "Bluebaum, Matthias"]
[Black "Sadhwani, Raunak"]
[Result "1-0"]
[WhiteTitle "GM"]
[BlackTitle "IM"]
[WhiteElo "2644"]
[BlackElo "2507"]
[WhiteFideId "24651516"]
[BlackFideId "35093487"]
[EventDate "2019.12.29"]

1. d4 Nf6 2. c4 Nc6 3. Nf3 e6 4. g3 Bb4+ 5. Nbd2 d6 6. Bg2 a5 7. O-O Bxd2 8.
Bxd2 Qe7 9. Qc2 e5 10. d5 Nb8 11. b3 O-O 12. a3 c6 13. e4 cxd5 14. cxd5 Bg4 15.
Rfc1 Na6 16. b4 axb4 17. axb4 Nd7 18. h3 Bh5 19. Nh4 Bg6 20. Qd3 Rac8 21. Qb5
Rb8 22. Be3 Nf6 23. Nxg6 hxg6 24. Rc2 Nh7 25. Rac1 f5 26. exf5 gxf5 27. f4 Nf6
28. fxe5 Qxe5 29. Bf4 Qd4+ 30. Kh2 Ne4 31. Qc4 Qf6 32. Rf1 Rbe8 33. Re2 g5 34.
Bc1 Rc8 35. Qxe4 fxe4 36. Rxf6 Rxf6 37. Bxg5 Rf7 38. Bxe4 Nxb4 39. Bf4 Rd8 40.
Rb2 Na6 41. h4 Nc5 42. Bg6 Rff8 43. Rb6 Rf6 44. h5 Rd7 45. Kh3 Kg7 46. Kg4 Na4
47. Rb1 Nc3 48. Rb3 Nxd5 49. Bg5 Rxg6 50. hxg6 Kxg6 51. Bd2 Nf6+ 52. Kf3 d5 53.
Rb6 Kf5 54. Bc3 Ng4 55. Bd4 Rf7 56. Rd6 Ne5+ 57. Ke2 Ke4 58. Ba1 Nc4 59. Re6+
Kf5 60. Rh6 Re7+ 61. Kd3 Re1 62. Bc3 Rd1+ 63. Ke2 Rg1 64. Rh5+ Ke6 65. Rh6+ Kd7
66. Kf2 Rc1 67. Bd4 Rd1 68. Bc5 Ne5 69. Ke2 Rb1 70. Rd6+ Kc7 71. Rxd5 Ng4 72.
Rg5 Nf6 73. Bd4 Ne4 74. Rg6 Rb3 75. g4 b5 76. g5 Rg3 77. Be5+ Kd7 78. Bxg3 Nxg3+
79. Kf3 Nf5 80. Ke4 Nd6+ 81. Ke5 Nf7+ 1-0

[Event "Mondiale Lampo FIDE 2019"]
[Site "Mosca"]
[Date "30.12.2019"]
[Round "18.47"]
[White "Frolyanov, Dmitry"]
[Black "Jumabayev, Rinat"]
[Result "0-1"]
[WhiteTitle "GM"]
[BlackTitle "GM"]
[WhiteElo "2556"]
[BlackElo "2646"]
[WhiteFideId "4151976"]
[BlackFideId "13702661"]
[EventDate "2019.12.29"]

1. e4 d6 2. d4 g6 3. Nc3 Bg7 4. f4 Nf6 5. Nf3 c5 6. dxc5 Qa5 7. Bd3 Qxc5 8. Qe2
Nc6 9. Be3 Qa5 10. O-O O-O 11. Kh1 Bg4 12. Qf2 Bxf3 13. Qxf3 Nb4 14. f5 Rac8 15.
Qh3 a6 16. Bh6 Bxh6 17. Qxh6 Qe5 18. Qh4 Kg7 19. Rf3 Nc6 20. Raf1 h6 21. Rh3 Rh8
22. Nd5 g5 23. Qf2 Qxb2 24. Nb6 Rc7 25. Nd5 Rcc8 26. Nb6 Rcd8 27. Nc4 Qd4 28.
Qe1 Ne5 29. Ne3 Rc8 30. Rg3 Rc5 31. Qb1 b5 32. Rd1 Rc3 33. Qa1 Rhc8 34. Qb1 Kf8
35. Rh3 Kg7 36. Rg3 Kh7 37. h4 g4 38. a4 Nh5 39. Nf1 Nxg3+ 40. Nxg3 Qf2 41. Nf1
Qxh4+ 42. Kg1 g3 43. axb5 axb5 44. Qxb5 Qf4 45. Qb7 R8c7 46. Qb8 Kg7 47. Qa8
Nxd3 48. cxd3 Rc1 0-1

[Event "Mondiale Lampo FIDE 2019"]
[Site "Mosca"]
[Date "30.12.2019"]
[Round "18.48"]
[White "Harsha, Bharathakoti"]
[Black "Esipenko, Andrey"]
[Result "1/2-1/2"]
[WhiteTitle "GM"]
[BlackTitle "GM"]
[WhiteElo "2523"]
[BlackElo "2642"]
[WhiteFideId "5078776"]
[BlackFideId "24175439"]
[EventDate "2019.12.29"]

1. f4 d5 2. Nf3 Bg4 3. e3 Nd7 4. d4 Ngf6 5. Bd3 e6 6. O-O Bd6 7. Nbd2 O-O 8. c3
c5 9. h3 Bf5 10. Bxf5 exf5 11. Ne5 cxd4 12. exd4 Re8 13. Qb3 Qc7 14. Ndf3 Nb6
15. a4 a5 16. Nd2 Ne4 17. Nxe4 fxe4 18. Ng4 Nc4 19. Ne3 Nxe3 20. Bxe3 Qc6 21. f5
f6 22. Rac1 Rac8 23. Rf2 Rc7 24. Bf4 Bxf4 25. Rxf4 Rb8 26. Rxe4 b5 27. Re6 Qd7
28. Rce1 Rbb7 29. Re8+ Kf7 30. R8e7+ Qxe7 31. Qxd5+ Kf8 32. Rxe7 Kxe7 33. axb5
a4 34. c4 Rd7 35. Qe6+ Kd8 36. d5 Rdc7 37. c5 Rxb5 38. Qg8+ Kd7 39. Qf7+ Kd8 40.
Qf8+ Kd7 41. c6+ 1/2-1/2

[Event "Mondiale Lampo FIDE 2019"]
[Site "Mosca"]
[Date "30.12.2019"]
[Round "18.49"]
[White "Yuffa, Daniil"]
[Black "Sethuraman, S.P."]
[Result "1-0"]
[WhiteTitle "GM"]
[BlackTitle "GM"]
[WhiteElo "2566"]
[BlackElo "2638"]
[WhiteFideId "24131423"]
[BlackFideId "5021596"]
[EventDate "2019.12.29"]

1. d4 f5 2. Bg5 g6 3. Nc3 Bg7 4. e4 fxe4 5. Nxe4 d5 6. Ng3 c5 7. Nf3 Nc6 8. c3
cxd4 9. Nxd4 Nxd4 10. cxd4 Qa5+ 11. Bd2 Qb6 12. Bc3 Nf6 13. Be2 O-O 14. O-O Ne4
15. Nxe4 dxe4 16. Qb3+ Be6 17. Bc4 Bxc4 18. Qxc4+ Kh8 19. Rae1 Rf4 20. g3 Rg4
21. h3 Rg5 22. Rxe4 Bf6 23. Rfe1 Qd6 24. R1e3 Rd5 25. Bb4 Qd7 26. Bxe7 Bg7 27.
Bc5 Bf6 28. Re6 Bxd4 29. Re7 Rxc5 30. Qf7 Rc1+ 31. Kh2 1-0

[Event "Mondiale Lampo FIDE 2019"]
[Site "Mosca"]
[Date "30.12.2019"]
[Round "18.50"]
[White "Meier, Georg"]
[Black "Bologan, Victor"]
[Result "1-0"]
[WhiteTitle "GM"]
[BlackTitle "GM"]
[WhiteElo "2626"]
[BlackElo "2574"]
[WhiteFideId "4675789"]
[BlackFideId "13900048"]
[EventDate "2019.12.29"]

1. Nf3 d6 2. d4 Nf6 3. g3 g6 4. Bg2 Bg7 5. O-O O-O 6. b3 a5 7. c4 Nc6 8. Bb2 Bf5
9. d5 Nb4 10. Nc3 c6 11. a3 Na6 12. dxc6 bxc6 13. Nd4 Bd7 14. Nxc6 Bxc6 15. Bxc6
Rb8 16. Bg2 Nd7 17. Rb1 Ndc5 18. Nb5 Bxb2 19. Rxb2 Qb6 20. b4 axb4 21. axb4 Nd7
22. Qb3 Ne5 23. Ra1 Rfc8 24. Rc2 Nxc4 25. Rxc4 Qxb5 26. Rf4 e6 27. Rb1 d5 28. e3
Qb6 29. b5 Nc5 30. Qd1 Nb7 31. e4 e5 32. Rf3 d4 33. Ra3 Nd6 34. Rab3 Rc5 35. Qe2
Rbc8 36. Bf1 Rc2 37. Qf3 Kg7 38. Bd3 R2c3 39. Qe2 R8c5 40. Kg2 h5 41. h4 Nb7 42.
Qa2 Na5 43. Rxc3 Rxc3 44. Bf1 Rc7 45. Ra1 Ra7 46. Qb1 Rc7 47. Qb4 Nb7 48. Ra6
Qc5 49. Qb3 Nd6 50. Qd5 Qxd5 51. exd5 Nb7 52. Ra7 Rd7 53. b6 e4 54. Bb5 Rxd5 55.
Bc6 Rd6 56. Bxb7 Rxb6 57. Bxe4 1-0

[Event "Mondiale Lampo FIDE 2019"]
[Site "Mosca"]
[Date "30.12.2019"]
[Round "18.51"]
[White "Khusnutdinov, Rustam"]
[Black "Kamsky, Gata"]
[Result "0-1"]
[WhiteTitle "GM"]
[BlackTitle "GM"]
[WhiteElo "2491"]
[BlackElo "2677"]
[WhiteFideId "13701703"]
[BlackFideId "2000024"]
[EventDate "2019.12.29"]

1. Nc3 g6 2. e4 Bg7 3. d4 d6 4. Bg5 Na6 5. Qd2 c6 6. f4 Nc7 7. Nf3 Ne6 8. Bh4
Bh6 9. Bg3 Nf6 10. d5 Nc5 11. Bd3 cxd5 12. exd5 Nxd3+ 13. Qxd3 Bf5 14. Qe2 Qb6
15. O-O-O Rc8 16. Rhe1 O-O 17. Qxe7 Bg7 18. Bf2 Qxf2 0-1

[Event "Mondiale Lampo FIDE 2019"]
[Site "Mosca"]
[Date "30.12.2019"]
[Round "18.52"]
[White "Kim, Alexey"]
[Black "Anton Guijarro, David"]
[Result "1-0"]
[WhiteTitle "GM"]
[BlackTitle "GM"]
[WhiteElo "2464"]
[BlackElo "2685"]
[WhiteFideId "4129776"]
[BlackFideId "2285525"]
[EventDate "2019.12.29"]

1. e4 c5 2. Nf3 Nc6 3. d4 cxd4 4. Nxd4 e5 5. Nb5 d6 6. N1c3 a6 7. Na3 Be6 8. Nc4
Rb8 9. a4 Nb4 10. Be3 Nf6 11. Be2 Qc7 12. Nb6 Nxe4 13. O-O Nf6 14. Bf3 Be7 15.
a5 Rd8 16. Bg5 O-O 17. Ra4 d5 18. Bxf6 gxf6 19. Nbxd5 Nxd5 20. Nxd5 Bxd5 21.
Bxd5 f5 22. c4 e4 23. Qh5 Qe5 24. b4 Rd7 25. Ra3 Kh8 26. Rh3 Qg7 27. Qxf5 Rd6
28. Bxe4 Rg6 29. g3 h6 30. c5 Re8 31. Rh5 Bf6 32. Bxb7 Bd4 33. Kg2 Rf6 34. Qd5
Re2 35. Qxd4 Rfxf2+ 36. Qxf2 Rxf2+ 37. Rxf2 Qg6 38. Rhf5 Qg4 39. Rxf7 Qxb4 40.
c6 Qe4+ 41. R7f3 Kg7 42. Kg1 Qe1+ 43. Rf1 Qe4 44. Rf8 Qe3+ 45. R8f2 Qe4 46. Rc1
Qe3 47. Rc4 Qd3 48. c7 1-0

[Event "Mondiale Lampo FIDE 2019"]
[Site "Mosca"]
[Date "30.12.2019"]
[Round "18.53"]
[White "Postny, Evgeny"]
[Black "Rakhmanov, Aleksandr"]
[Result "1-0"]
[WhiteTitle "GM"]
[BlackTitle "GM"]
[WhiteElo "2605"]
[BlackElo "2645"]
[WhiteFideId "2804344"]
[BlackFideId "4173708"]
[EventDate "2019.12.29"]

1. d4 Nf6 2. c4 d6 3. Nf3 Bf5 4. Nc3 h6 5. Nd2 e5 6. d5 e4 7. Nb3 Bh7 8. e3 Nbd7
9. Nd4 a5 10. b3 Be7 11. Bb2 O-O 12. Be2 Ne5 13. h3 Nfd7 14. Na4 Bf6 15. Qd2 Re8
16. O-O-O Nc5 17. Nxc5 dxc5 18. Nb5 a4 19. d6 cxd6 20. Qxd6 a3 21. Bxe5 Bxe5 22.
Qxd8 Rexd8 23. Rxd8+ Rxd8 24. Rd1 Bb2+ 25. Kc2 Rxd1 26. Bxd1 Kf8 27. Nd6 b6 28.
Nc8 f5 29. Nxb6 Ke7 30. Na4 Be5 31. Nxc5 Bh2 32. Kd2 f4 33. Na4 Kd6 34. b4 Bg1
35. Ke2 g5 36. Nc3 Bf5 37. Nb5+ Ke5 38. Nxa3 Be6 39. Bb3 g4 40. hxg4 Bxg4+ 41.
f3 exf3+ 42. gxf3 Bh5 43. e4 Be8 44. c5 h5 45. Nc4+ Kd4 46. Nd6 Bd7 47. Nf5+ Kc3
48. Bd5 Kxb4 49. c6 Bc8 50. Kf1 Bb6 51. Ne7 Bh3+ 52. Ke2 h4 53. Ng6 Bd8 54. Nxf4
Bc8 55. Kf2 h3 56. Be6 Bb6+ 57. Kg3 h2 58. Kxh2 Bc7 59. Bxc8 Bxf4+ 60. Kh3 1-0

[Event "Mondiale Lampo FIDE 2019"]
[Site "Mosca"]
[Date "30.12.2019"]
[Round "18.54"]
[White "Can, Emre"]
[Black "Alekseev, Evgeny"]
[Result "1-0"]
[WhiteTitle "GM"]
[BlackTitle "GM"]
[WhiteElo "2600"]
[BlackElo "2620"]
[WhiteFideId "6302181"]
[BlackFideId "4138147"]
[EventDate "2019.12.29"]

1. e4 c5 2. Nc3 e6 3. Nge2 Nc6 4. d4 cxd4 5. Nxd4 a6 6. Nxc6 bxc6 7. Bd3 Qc7 8.
O-O Nf6 9. f4 d5 10. e5 Nd7 11. Na4 c5 12. c4 d4 13. Be4 Bb7 14. Qf3 Rb8 15. b3
g6 16. Bd2 Bxe4 17. Qxe4 Be7 18. Nb2 h5 19. Nd3 a5 20. Rab1 Kf8 21. g3 Kg7 22.
h3 Qb7 23. Qe2 a4 24. Nf2 axb3 25. axb3 Ra8 26. Ne4 Ra2 27. Rf2 Qa8 28. Rbf1 Qa3
29. Qd3 Rb8 30. Bc1 Qa6 31. g4 Rxf2 32. Rxf2 Qa1 33. Rf1 Qa2 34. Nd2 hxg4 35.
hxg4 Rh8 36. f5 exf5 37. gxf5 Nxe5 38. Qg3 f6 39. Re1 Qa8 40. Ne4 Qc8 41. Rf1
Rh5 42. fxg6 Qc6 43. Qg2 Qd7 44. Ng3 Rh8 45. Nf5+ Kg8 46. g7 Rh5 47. Qa8+ Bd8
48. Qe4 Nf7 49. Qg4 Rxf5 50. Rxf5 Qe6 51. Qf3 Qe1+ 52. Qf1 Qg3+ 53. Qg2 Qe1+ 54.
Rf1 Qh4 55. Bf4 d3 56. Bg3 Qd4+ 57. Bf2 Qd7 58. Qd5 Qxd5 59. cxd5 Be7 60. Rd1
Ne5 61. Bg3 c4 62. bxc4 Bc5+ 63. Kf1 1-0

[Event "Mondiale Lampo FIDE 2019"]
[Site "Mosca"]
[Date "30.12.2019"]
[Round "18.55"]
[White "Suleymanli, Aydin"]
[Black "Ivanisevic, Ivan"]
[Result "0-1"]
[WhiteTitle "IM"]
[BlackTitle "GM"]
[WhiteElo "2473"]
[BlackElo "2593"]
[WhiteFideId "13413937"]
[BlackFideId "912417"]
[EventDate "2019.12.29"]

1. d4 Nf6 2. c4 e6 3. Nc3 Bb4 4. e3 c5 5. Bd3 Nc6 6. Ne2 cxd4 7. exd4 d5 8. a3
dxc4 9. Bxc4 Bd6 10. O-O O-O 11. h3 h6 12. Ba2 b6 13. Qd3 Bb7 14. Rd1 Ne7 15.
Nf4 Qb8 16. Nfe2 Ned5 17. Nb5 Bh2+ 18. Kh1 Bf4 19. Nxf4 Nxf4 20. Bxf4 Qxf4 21.
Qe3 Qh4 22. Kg1 Rfd8 23. Rac1 a6 24. Nc7 Rab8 25. d5 exd5 26. Rd4 Qg5 27. Qxg5
hxg5 28. Rcd1 Rd7 29. Nxd5 Bxd5 30. Bxd5 Rbd8 31. Ra4 Rxd5 32. Rxd5 Rxd5 33.
Rxa6 b5 34. Rb6 Ne4 35. f3 Nd6 36. b3 Nf5 37. a4 bxa4 38. bxa4 Rd1+ 39. Kf2 Rd2+
40. Kf1 Ne3+ 41. Ke1 Rxg2 42. a5 Ra2 43. a6 Kh7 44. Rd6 Nc2+ 0-1

[Event "Mondiale Lampo FIDE 2019"]
[Site "Mosca"]
[Date "30.12.2019"]
[Round "18.56"]
[White "Yanchenko, Roman"]
[Black "Melkumyan, Hrant"]
[Result "0-1"]
[WhiteTitle "FM"]
[BlackTitle "GM"]
[WhiteElo "2463"]
[BlackElo "2668"]
[WhiteFideId "4137329"]
[BlackFideId "13302485"]
[EventDate "2019.12.29"]

1. d4 Nf6 2. c4 g6 3. Nf3 Bg7 4. Nc3 O-O 5. Bf4 d6 6. e3 Nc6 7. Be2 Bf5 8. h3
Ne4 9. Nxe4 Bxe4 10. O-O e5 11. dxe5 dxe5 12. Bg3 Qe7 13. Qb3 a5 14. Bh4 Qb4 15.
Rad1 f6 16. Rd7 Qxb3 17. axb3 Rf7 18. Rxf7 Kxf7 19. Ra1 Rd8 20. Rd1 Rxd1+ 21.
Bxd1 Bf8 22. Nd2 Bd3 23. f3 Bb4 24. Ne4 g5 25. Bf2 Nd8 26. Nc3 Ne6 27. Nd5 Bc5
28. Nc3 c6 29. g4 Bb4 30. h4 h6 31. h5 Nc5 32. e4 Ne6 33. Be3 Nd4 34. Kf2 Nc2
35. Bb6 Ke7 36. Na2 Be1+ 37. Kg2 Nd4 38. Bc5+ Kf7 39. b4 Ne6 40. Bd6 Bb1 41. Nc3 0-1